书目信息 |
| 题名: |
高等数学习题解
|
|
| 作者: | 蒋众益 演算 | |
| 分册: | 下册 | |
| 出版信息: | 沈阳 辽宁人民出版社 1982 |
|
| 页数: | 619页 | |
| 开本: | 19cm | |
| 丛书名: | ||
| 单 册: | ||
| 中图分类: | O17-44 | |
| 科图分类: | ||
| 主题词: | 数学分析 , 高等数学--高等学校--习题 | |
| 电子资源: | ||
| ISBN: | ||
| 000 | 00715nam0 2200253 45 | |
| 001 | 0182000701 | |
| 005 | 20060813095618.43 | |
| 010 | @dCNY2.10 | |
| 091 | @a7090.156 | |
| 100 | @a19950207d1982 em y0chiy0121 ea | |
| 101 | 0 | @achi |
| 102 | @aCN@b210000 | |
| 105 | @ay q 000yy | |
| 200 | 10 | @a高等数学习题解@Agao deng shu xue xi ti jie@h下册@f蒋众益等演算@Fjiang zhong yi deng yan suan |
| 210 | @a沈阳@c辽宁人民出版社@d1982 | |
| 215 | @a619页@d19cm | |
| 300 | @a高等数学教学参考书 | |
| 606 | 0 | @a数学分析 |
| 606 | @a高等数学@x高等学校@x习题 | |
| 690 | @aO17-44@v3 | |
| 701 | 0 | @a蒋众益@Ajiang zhong yi@4演算 |
| 801 | 2 | @aCN@bNLC@c20060813 |
| 801 | 0 | @aCN@b上海图书馆@c20060811 |
| 905 | @dO13-44@e223:2 | |
| 高等数学习题解.下册/蒋众益等演算.-沈阳:辽宁人民出版社,1982 |
| 619页;19cm |
| 高等数学教学参考书 |
| ISBN :CNY2.10 |
| ● |
| 相关链接 |
|
|
|
|
正题名:高等数学习题解
索取号:O13-44/223:2
 
预约/预借
| 序号 | 登录号 | 条形码 | 馆藏地/架位号 | 状态 | 备注 |
| 1 | 0073139 | 001242177 | 第三借阅区/ [索取号:O13-44/223:2] | 在馆 | |
| 2 | 0073140 | 001242131 | 第三借阅区/ [索取号:O13-44/223:2] | 在馆 | |
| 3 | 0073141 | 202136517 | 密集书库/ [索取号:O13-44/223:2] | 在馆 | |
| 4 | 0073143 | 202136679 | 密集书库/ [索取号:O13-44/223:2] | 在馆 | |
| 5 | 0073144 | 001242195 | 第三借阅区/ [索取号:O13-44/223:2] | 在馆 | |
| 6 | 0073146 | 202136553 | 密集书库/ [索取号:O13-44/223:2] | 在馆 | |
| 7 | 0073148 | 202188113 | 密集书库/ [索取号:O13-44/223:2] | 在馆 | |
| 8 | 0073150 | 001489482 | 第三借阅区/ [索取号:O13-44/223:2] | 在馆 | |
| 9 | 0073151 | 001242211 | 第三借阅区/ [索取号:O13-44/223:2] | 在馆 | |
| 10 | 0073152 | 001652009 | 第三借阅区/ [索取号:O13-44/223:2] | 在馆 | |
| 11 | 0073153 | 202136223 | 密集书库/ [索取号:O13-44/223:2] | 在馆 | |
| 12 | 0073154 | 202136269 | 密集书库/ [索取号:O13-44/223:2] | 在馆 | |
| 13 | 0073155 | 202136189 | 密集书库/ [索取号:O13-44/223:2] | 在馆 | |
| 14 | 0073156 | 202188122 | 密集书库/ [索取号:O13-44/223:2] | 在馆 | |
| 15 | 0073157 | 001242186 | 第三借阅区/ [索取号:O13-44/223:2] | 在馆 | |
| 16 | 0073158 | 202136633 | 密集书库/ [索取号:O13-44/223:2] | 在馆 | |
| 17 | 0131156 | 202214246 | 密集书库/ [索取号:O13-44/223:2] | 在馆 | |
| 18 | 0454086 | 204540862 | 密集书库/ [索取号:O13-44/223:2] | 在馆 | |
| 19 | 0455168 | 204551680 | 密集书库/ [索取号:O13-44/223:2] | 在馆 | |
| 20 | 0455169 | 204551699 | 密集书库/ [索取号:O13-44/223:2] | 在馆 | |
| 21 | 0455170 | 204551706 | 密集书库/ [索取号:O13-44/223:2] | 在馆 | |
| 22 | 0455171 | 204551715 | 密集书库/ [索取号:O13-44/223:2] | 在馆 | |
| 23 | 0455172 | 204551724 | 密集书库/ [索取号:O13-44/223:2] | 在馆 |